[Event "Detroit (MOR/7/65)"]
[Site "?"]
[Date "1992.??.??"]
[Round "?"]
[White "Neff, M."]
[Black "Herron, J."]
[Result "0-1"]
[WhiteElo "1685"]
[BlackElo "1605"]
[PlyCount "104"]
[EventDate "1992.??.??"]

{7/(65)} 1. d4 Nf6 2. c4 g6 3. Nc3 Bg7 4. e4 d6 5. h3 Nbd7 6. Nf3 O-O 7. Bd3 e5
8. d5 Nc5 9. Bc2 a5 10. a4 Nh5 11. Ne2 f5 12. Bg5 Qe8 13. exf5 gxf5 14. Be3 f4
15. Bxc5 dxc5 16. Ng5 Bf5 17. Bxf5 Rxf5 18. Ne6 Qf7 19. Nc3 Bf8 20. Ne4 Kh8 21.
Qg4 h6 22. Nxc7 Rc8 23. Ne6 Be7 24. O-O-O f3 25. h4 Rg8 26. N4g5 hxg5 27. hxg5
Bxg5+ 28. Kb1 Be3 29. Qe4 fxg2 30. Rhg1 Bxf2 31. Rxg2 Rxg2 32. Qxg2 Bd4 33. Rh1
e4 34. Qxe4 Rf1+ 35. Ka2 Rxh1 36. Qxh1 Qf5 37. Qh4 Bf6 38. Qe1 Qc2 39. Nd4 Bxd4
40. Qe8+ Kg7 41. Qd7+ Kh6 42. Qxb7 Qxa4+ 43. Kb1 Qxc4 44. d6 Qf1+ 45. Ka2 Nf6
46. Qc6 Qc4+ 47. Kb1 Qb4 48. Qh1+ Kg7 49. Qg2+ Kf7 50. Qe2 Qxb2+ 51. Qxb2 Bxb2
52. Kxb2 Ke6 0-1

[Event "Detroit (MOR/1b/44)"]
[Site "?"]
[Date "1992.??.??"]
[Round "?"]
[White "Neff, M."]
[Black "Fletcher, B."]
[Result "1-0"]
[WhiteElo "1685"]
[BlackElo "1605"]
[PlyCount "151"]
[EventDate "1992.??.??"]

1. d4 Nf6 2. c4 d5 3. Nc3 e6 4. Bg5 c6 5. Nf3 Be7 6. e3 Nbd7 7. Bd3 h6 8. Bh4
O-O 9. h3 Re8 10. O-O b6 11. Rc1 Bb7 12. cxd5 Nxd5 13. Bg3 c5 14. Nb5 a6 15.
Nd6 Bxd6 16. Bxd6 cxd4 17. Nxd4 N7f6 18. Be5 Nb4 19. Bb1 Qd5 20. Nf3 Ne4 21. a3
Nc6 22. Bc7 b5 23. Qc2 f5 24. Rfd1 Qc4 25. Qxc4 bxc4 26. Rxc4 Ne7 27. Rb4 Bd5
28. Ne5 Rec8 29. f3 Rxc7 30. fxe4 Bb7 31. exf5 exf5 32. Ba2+ Kh7 33. Bb1 Rac8
34. Rf1 Rc1 35. Rxb7 Rxf1+ 36. Kxf1 Rc1+ 37. Ke2 Rxb1 38. Rxe7 Rxb2+ 39. Kf3
Ra2 40. Nc4 Rc2 41. Rc7 Rc3 42. Kf4 Rc2 43. g3 Rf2+ 44. Ke5 Rf3 45. g4 fxg4 46.
hxg4 Rf6 47. Ke4 Re6+ 48. Kd5 Rg6 49. Ne5 Rb6 50. Ra7 Rb5+ 51. Kd4 Ra5 52. Nc4
Rg5 53. Ne5 h5 54. gxh5 Rxh5 55. Rxa6 Rh4+ 56. e4 g5 57. a4 g4 58. Rg6 Rh1 59.
Kc4 Ra1 60. Kb4 Rb1+ 61. Ka5 Rc1 62. Kb4 Rb1+ 63. Kc3 Rc1+ 64. Kd4 Ra1 65. Rxg4
Rxa4+ 66. Kd5 Ra7 67. Nc6 Rf7 68. Ke6 Rf8 69. e5 Kh6 70. Ke7 Rf3 71. e6 Kh7 72.
Ke8 Rf6 73. Nd8 Rf5 74. e7 Rf6 75. Kd7 Rf8 76. exf8=R 1-0

[Event "Detroit (MOR/3/78)"]
[Site "?"]
[Date "1992.??.??"]
[Round "?"]
[White "Neff, M."]
[Black "Burke, David"]
[Result "1-0"]
[WhiteElo "1685"]
[BlackElo "1605"]
[PlyCount "60"]
[EventDate "1992.??.??"]

{3/(78)} 1. d4 d5 2. c4 e6 3. Nc3 Bb4 4. Nf3 Nf6 5. Bg5 Nbd7 6. Qb3 c5 7. e3
Qb6 8. a3 Bxc3+ 9. Qxc3 Ne4 10. Qc2 Qa5+ 11. Kd1 Nb6 12. Bd3 Nxc4 13. Bf4 Ncd2
14. Bxe4 Nxe4 15. dxc5 Qxc5 16. Rc1 Qxc2+ 17. Rxc2 Bd7 18. Nd4 O-O 19. f3 Nf6
20. Rc7 a6 21. Ke2 Rfc8 22. Rhc1 Ne8 23. Rxc8 Rxc8 24. Rxc8 Bxc8 25. Kd2 f6 26.
Bb8 Kf7 27. Ba7 Nd6 28. b3 Nb5 29. Bb6 Nxa3 30. Bc5 Nb5 1-0

[Event "East Lansing (MI Am/2)"]
[Site "?"]
[Date "1992.??.??"]
[Round "?"]
[White "Neely, Richard"]
[Black "Stockman, David"]
[Result "1-0"]
[WhiteElo "1605"]
[BlackElo "1730"]
[PlyCount "67"]
[EventDate "1992.??.??"]

1. d4 Nf6 2. c4 c5 3. d5 b5 4. cxb5 a6 5. e3 g6 6. g3 Bb7 7. Bg2 Bg7 8. Nc3
axb5 9. Nxb5 Qa5+ 10. Nc3 Nxd5 11. Bxd5 Bxd5 12. Qxd5 Bxc3+ 13. Kf1 Bg7 14. Nf3
d6 15. Bd2 Qa6+ 16. Kg2 O-O 17. Bc3 Bxc3 18. bxc3 Nd7 19. Rhd1 Nf6 20. Qd2 Qa3
21. e4 Rfb8 22. e5 Ng4 23. Qf4 Nxe5 24. Nxe5 dxe5 25. Qxe5 e6 26. Rd7 Qb2 27.
Qf6 Rf8 28. Rad1 Rxa2 29. Rd8 Ra8 30. Rxf8+ Rxf8 31. Rd7 Qb8 32. h4 Qa8+ 33.
Kg1 Rb8 34. Qxf7+ 1-0

[Event "East Lansing (MI Am/5)"]
[Site "?"]
[Date "1992.??.??"]
[Round "?"]
[White "Neely, Richard"]
[Black "Griffin, John"]
[Result "0-1"]
[WhiteElo "1605"]
[BlackElo "1615"]
[PlyCount "44"]
[EventDate "1992.??.??"]

1. d4 e6 2. c4 b6 3. Nc3 d5 4. e4 dxe4 5. Nxe4 Bb4+ 6. Bd2 Bxd2+ 7. Qxd2 Nf6 8.
Bd3 Bb7 9. Nxf6+ Qxf6 10. Nf3 Bxf3 11. gxf3 Qxf3 12. Rg1 Qf6 13. Be4 c6 14. d5
a5 15. O-O-O Ra7 16. dxc6 O-O 17. Rg3 Rc7 18. Rd3 Nxc6 19. Rf3 Qe7 20. Rg1 Ne5
21. Qh6 Ng6 22. Rh3 gxh6 0-1

[Event "East Lansing (MI Am/1)"]
[Site "?"]
[Date "1992.??.??"]
[Round "?"]
[White "Neely, Richard"]
[Black "Ghani, M."]
[Result "1-0"]
[WhiteElo "1605"]
[BlackElo "1605"]
[PlyCount "97"]
[EventDate "1992.??.??"]

1. d4 Nf6 2. c4 e6 3. Nc3 c5 4. d5 d6 5. g3 exd5 6. cxd5 Be7 7. Bg2 Nbd7 8. e4
Ne5 9. Nge2 a6 10. O-O c4 11. Bf4 Nd3 12. b3 b5 13. bxc4 bxc4 14. Qa4+ Bd7 15.
Qxc4 Nxf4 16. Nxf4 O-O 17. Rab1 Ng4 18. h3 Ne5 19. Qb3 Qa5 20. Nce2 Rac8 21.
Rfc1 Rb8 22. Qc2 Bb5 23. Qc7 Qxc7 24. Rxc7 Bd8 25. Rcc1 Ba5 26. Nd4 Bd2 27. Rd1
Bc3 28. Nxb5 axb5 29. Ne2 b4 30. a3 Rfc8 31. axb4 Bxb4 32. Nd4 Bc5 33. Rxb8
Rxb8 34. Nc6 Rb2 35. Ra1 Nxc6 36. dxc6 f6 37. c7 Bxf2+ 38. Kh2 Rc2 39. Ra8+ Kf7
40. c8=Q Rxc8 41. Rxc8 Kg6 42. Bf3 h5 43. Kg2 Bc5 44. Be2 Kg5 45. Rc7 g6 46.
Bd3 Kh6 47. Kf3 g5 48. g4 h4 49. e5 1-0

[Event "Flint (MEX/3)"]
[Site "?"]
[Date "1992.??.??"]
[Round "?"]
[White "Murray, David"]
[Black "Bailey, Greg"]
[Result "0-1"]
[WhiteElo "2015"]
[BlackElo "2015"]
[PlyCount "48"]
[EventDate "1992.??.??"]

1. c4 Nf6 2. Nc3 e6 3. d4 Bb4 4. Bg5 h6 5. Bh4 g5 6. Bg3 Ne4 7. Qc2 f5 8. d5
Nxc3 9. bxc3 Qf6 10. O-O-O Ba3+ 11. Kb1 f4 12. dxe6 fxg3 13. Nf3 gxf2 14. Nd4
Nc6 15. Nb5 Bd6 16. g3 Be5 17. Bh3 dxe6 18. Rd3 O-O 19. Rf3 Qg7 20. Rxf8+ Kxf8
21. Rd1 a6 22. Na3 Bxc3 23. Rd3 Bf6 24. Rf3 Nd4 0-1

[Event "Flint (Class B/2)"]
[Site "?"]
[Date "1992.??.??"]
[Round "?"]
[White "Munger, Larry"]
[Black "Watson, Terry"]
[Result "1-0"]
[WhiteElo "1690"]
[BlackElo "1635"]
[PlyCount "79"]
[EventDate "1992.??.??"]

1. e4 c5 2. d3 g6 3. g3 Bg7 4. Bg2 Nc6 5. Nf3 Qc7 6. c3 Nf6 7. O-O O-O 8. Qc2
e6 9. Nbd2 b6 10. Nc4 e5 11. Ne3 d6 12. Bd2 Ba6 13. c4 Rfe8 14. Rab1 b5 15. b3
b4 16. Nd5 Nxd5 17. exd5 Ne7 18. Qc1 Qa5 19. a4 f6 20. Be3 g5 21. Nd2 Ng6 22.
Ne4 Qc7 23. f3 h5 24. Qd1 Bc8 25. h3 Ne7 26. g4 hxg4 27. fxg4 Kf7 28. Nxg5+ Kg8
29. Ne4 Rf8 30. Ng3 Ng6 31. Be4 Nh4 32. Nf5 Nxf5 33. Bxf5 Bxf5 34. Rxf5 Rf7 35.
Qd2 Kf8 36. Bh6 Ke7 37. Bxg7 Rxg7 38. Qh6 Rf7 39. Rbf1 Raf8 40. g5 1-0

[Event "Flint (Class B/4)"]
[Site "?"]
[Date "1992.??.??"]
[Round "?"]
[White "Munger, Larry"]
[Black "Rostrom, Richard"]
[Result "1-0"]
[WhiteElo "1690"]
[BlackElo "1670"]
[PlyCount "57"]
[EventDate "1992.??.??"]

1. e4 c6 2. d3 d5 3. Nd2 dxe4 4. dxe4 Nd7 5. g3 Ngf6 6. Bg2 e6 7. Ngf3 Bb4 8.
c3 Bc5 9. O-O O-O 10. Qc2 Qc7 11. b4 Bb6 12. Nc4 e5 13. a4 a6 14. a5 Ba7 15.
Ne3 Ne8 16. c4 b6 17. axb6 Bxb6 18. c5 Ba7 19. Nc4 f6 20. Rd1 Nxc5 21. bxc5
Bxc5 22. Ncxe5 Bxf2+ 23. Qxf2 fxe5 24. Qc5 Bg4 25. Rf1 Nf6 26. Nxe5 Nd7 27.
Qc4+ Kh8 28. Rxf8+ Rxf8 29. Nf7+ 1-0

[Event "Detroit (MOR/1a/37)"]
[Site "?"]
[Date "1992.??.??"]
[Round "?"]
[White "Motley, Gerald"]
[Black "Rosenberg, Steve"]
[Result "0-1"]
[WhiteElo "1605"]
[BlackElo "1745"]
[PlyCount "100"]
[EventDate "1992.??.??"]

1. c4 e5 2. Nc3 Nf6 3. g3 Bc5 4. Bg2 d6 5. e3 O-O 6. Nge2 c6 7. d4 Bb6 8. O-O
Bf5 9. Bd2 Qc8 10. Rc1 Bh3 11. Kh1 Bxg2+ 12. Kxg2 Qf5 13. Qc2 Qe6 14. Ne4 Nxe4
15. Qxe4 Nd7 16. b3 Nf6 17. Qd3 e4 18. Qc2 d5 19. Nf4 Qf5 20. Kg1 Bc7 21. Kg2
Bxf4 22. exf4 dxc4 23. Qxc4 Nd5 24. Be3 Qg4 25. Rce1 Rfe8 26. Qe2 Qf5 27. f3
exf3+ 28. Qxf3 Qe4 29. Qxe4 Rxe4 30. Bg1 Rae8 31. Rxe4 Rxe4 32. Kf3 Re8 33. Rc1
h5 34. Bf2 f6 35. a3 Kf8 36. Re1 Rxe1 37. Bxe1 f5 38. b4 Nb6 39. Bd2 Nc4 40.
Bc1 a5 41. bxa5 Nxa5 42. h3 b5 43. Bd2 Nc4 44. Bb4+ Ke8 45. g4 g6 46. Kg3 hxg4
47. hxg4 Kf7 48. gxf5 gxf5 49. Kf3 Ke6 50. Bc5 Kd5 0-1

[Event "Detroit (MOR/3/79)"]
[Site "?"]
[Date "1992.??.??"]
[Round "?"]
[White "Motley, Gerald"]
[Black "Pavlovich, J."]
[Result "1-0"]
[WhiteElo "1605"]
[BlackElo "1680"]
[PlyCount "99"]
[EventDate "1992.??.??"]

{3/(79)} 1. c4 e5 2. Nc3 Nf6 3. g3 d5 4. cxd5 Nxd5 5. Bg2 Nxc3 6. bxc3 c6 7. d3
Be7 8. Rb1 b6 9. Bb2 Qc7 10. Nf3 Nd7 11. O-O O-O 12. Re1 Bb7 13. d4 Rab8 14.
Qc2 c5 15. e3 Rfe8 16. Rbd1 cxd4 17. exd4 exd4 18. Nxd4 Bxg2 19. Kxg2 Bf6 20.
Qd2 Nc5 21. f3 a6 22. Bc1 Na4 23. Rxe8+ Rxe8 24. Bb2 Nxb2 25. Qxb2 b5 26. Rd3
Qe7 27. Rd2 Qc5 28. Qb3 Re3 29. Ne2 h6 30. Qb4 Qc6 31. Qg4 Qe6 32. Qxe6 Rxe6
33. Rc2 Rc6 34. Kf2 b4 35. c4 a5 36. Ke3 Be7 37. Nf4 f5 38. Nd5 Bd6 39. Kd4 Rc5
40. Re2 Kf7 41. Nf4 Rc7 42. Kd5 Be7 43. Kd4 Rd7+ 44. Nd5 Bd8 45. c5 g6 46. Kc4
Rb7 47. f4 Bf6 48. Nxf6 Kxf6 49. c6 Rc7 50. Kc5 1-0

[Event "Detroit (MOR/6/87)"]
[Site "?"]
[Date "1992.??.??"]
[Round "?"]
[White "Motley, Gerald"]
[Black "Griffin, John"]
[Result "1/2-1/2"]
[WhiteElo "1605"]
[BlackElo "1640"]
[PlyCount "91"]
[EventDate "1992.??.??"]

{6/(87)} 1. c4 Nf6 2. d4 e6 3. c5 d6 4. b4 dxc5 5. bxc5 Be7 6. Bf4 O-O 7. e3 c6
8. Nf3 Nd5 9. Bg3 Nd7 10. Qa4 N7f6 11. Nbd2 Nc3 12. Qa3 Nfe4 13. Nxe4 Nxe4 14.
Bd3 Nxg3 15. hxg3 g6 16. Ke2 b5 17. Rh2 Kg7 18. Qb2 a5 19. Rah1 Rh8 20. Ne5 Qe8
21. Be4 Bd7 22. f4 Bf6 23. Nf3 h5 24. Kf2 Be7 25. Ne5 Bf6 26. Nf3 Qe7 27. Qc2
Raf8 28. Nh4 Bxh4 29. Rxh4 f5 30. Bf3 Be8 31. Qb2 Qf6 32. Qe2 Kg8 33. g4 Kg7
34. gxh5 gxh5 35. Bxh5 Bxh5 36. Rxh5 Kf7 37. Qf3 Rxh5 38. Rxh5 Qg6 39. Rg5 Qh7
40. Qxc6 Qh4+ 41. Rg3 Rg8 42. Qc7+ Kf6 43. Qe5+ Kf7 44. Qc7+ Kf6 45. Qe5+ Kf7
46. Qc7+ 1/2-1/2

[Event "Flint (Class B/1)"]
[Site "?"]
[Date "1992.??.??"]
[Round "?"]
[White "Mose, Greg"]
[Black "Jointer, William"]
[Result "0-1"]
[WhiteElo "1615"]
[BlackElo "1700"]
[PlyCount "87"]
[EventDate "1992.??.??"]

1. e4 c5 2. b4 d6 3. Bb2 Nf6 4. bxc5 Nc6 5. cxd6 exd6 6. Nc3 g6 7. Qf3 Ne5 8.
Qe3 Neg4 9. Qd4 Bg7 10. h3 Ne5 11. Bb5+ Nfd7 12. Qxd6 a6 13. Bxd7+ Bxd7 14. Nd5
Rc8 15. Bxe5 Rc6 16. Nc7+ Rxc7 17. Qxc7 Qxc7 18. Bxc7 Bxa1 19. c3 Bb5 20. Bd6
Bb2 21. Kd1 Bf1 22. Rh2 Bd3 23. f3 Kd7 24. Bc5 Rc8 25. Bd4 Rc4 26. Ne2 Ra4 27.
Nf4 Bb5 28. Kc2 Ba3 29. Nd5 Kc6 30. Nb6 Ra5 31. c4 Ba4+ 32. Nxa4 Rxa4 33. Kb3
b5 34. d3 Bd6 35. e5 Ra3+ 36. Kb2 Rxd3 37. cxb5+ axb5 38. exd6 Rxd4 39. g4 Kxd6
40. Re2 Rf4 41. Re3 Kd5 42. Kc2 Rc4+ 43. Kb3 Rf4 44. h4 0-1

[Event "Flint (Class B/4)"]
[Site "?"]
[Date "1992.??.??"]
[Round "?"]
[White "Mose, Greg"]
[Black "Falkowski, Kenneth"]
[Result "0-1"]
[WhiteElo "1615"]
[BlackElo "1720"]
[PlyCount "102"]
[EventDate "1992.??.??"]

1. e4 e6 2. d4 d5 3. e5 c5 4. c3 Ne7 5. Bg5 h6 6. Bh4 g5 7. Bg3 Qb6 8. b3 cxd4
9. cxd4 Nf5 10. Ne2 Nc6 11. Nd2 Ncxd4 12. Nxd4 Qxd4 13. Bb5+ Bd7 14. Bxd7+ Kxd7
15. O-O Bb4 16. Nf3 Qxd1 17. Rfxd1 Rac8 18. a3 Bc3 19. Rab1 Ba5 20. b4 Bb6 21.
Nd2 Rc7 22. Nb3 Rc4 23. Nc5+ Kc6 24. Rbc1 Rxc1 25. Rxc1 Bxc5 26. Rxc5+ Kd7 27.
f4 Nxg3 28. hxg3 g4 29. Kf2 Rc8 30. Rxc8 Kxc8 31. Ke3 Kc7 32. f5 Kb6 33. a4 a5
34. b5 Kc5 35. fxe6 fxe6 36. Kd3 Kb4 37. b6 Kxa4 38. Kc2 Kb5 39. Kb3 Kxb6 40.
Kc3 Kc5 41. Kd3 Kb4 42. Kc2 a4 43. Kb2 a3+ 44. Kb1 Kc3 45. Ka2 d4 46. Kb1 a2+
47. Kxa2 d3 48. Ka3 d2 49. Ka4 Kc4 50. Ka5 Kc5 51. Ka4 d1=Q+ 0-1

[Event "Detroit (MOR/3/52)"]
[Site "?"]
[Date "1992.??.??"]
[Round "?"]
[White "Morrow, Chris"]
[Black "Whitley, D."]
[Result "1-0"]
[WhiteElo "1765"]
[BlackElo "1615"]
[PlyCount "45"]
[EventDate "1992.??.??"]

{3/(52)} 1. e4 e6 2. d4 d5 3. exd5 exd5 4. Nf3 Bg4 5. Be3 Nf6 6. Nbd2 c6 7. Bd3
Bd6 8. O-O h6 9. Re1 O-O 10. h3 Be6 11. Ne5 Nbd7 12. Ndf3 Qc7 13. Bf4 Nh5 14.
Bh2 Nhf6 15. Qd2 Rfe8 16. Bf4 Nf8 17. Bxh6 gxh6 18. Qxh6 N8h7 19. Ng5 Nxg5 20.
Qxg5+ Kf8 21. Qxf6 c5 22. Ng6+ Kg8 23. Qh8# 1-0

[Event "Detroit (MOR/7/60)"]
[Site "?"]
[Date "1992.??.??"]
[Round "?"]
[White "Morrow, Chris"]
[Black "Raupp, Helene"]
[Result "1-0"]
[WhiteElo "1765"]
[BlackElo "1625"]
[PlyCount "129"]
[EventDate "1992.??.??"]

{7/(60)} 1. e4 e6 2. d4 d5 3. exd5 exd5 4. Nf3 Nf6 5. Bd3 Bg4 6. O-O Be7 7. Be3
O-O 8. Nbd2 Nbd7 9. c3 Re8 10. Qc2 h6 11. h3 Bxf3 12. Nxf3 c5 13. Rad1 c4 14.
Bf5 b5 15. Ne5 Bd6 16. Nxd7 Nxd7 17. Qd2 h5 18. Qc2 Nf6 19. Bg5 Be7 20. Rfe1
Kh8 21. Qe2 g6 22. Bxf6+ Bxf6 23. Qxe8+ Qxe8 24. Rxe8+ Rxe8 25. Bd7 Re2 26. Rb1
a6 27. a3 Bg5 28. Bc6 Rc2 29. Bxd5 Rc1+ 30. Rxc1 Bxc1 31. Bb7 a5 32. Ba6 Bxb2
33. Bxb5 Bxc3 34. Bxc4 f6 35. d5 Kg7 36. a4 Bb4 37. Kf1 Kf8 38. Ke2 Ke7 39. Bb5
h4 40. g3 hxg3 41. fxg3 Kd6 42. Bc6 g5 43. h4 gxh4 44. gxh4 Ke7 45. Kf3 Kf7 46.
Kf4 Be7 47. Kf5 Bb4 48. h5 Bf8 49. Bb5 Bh6 50. d6 Be3 51. d7 Bb6 52. h6 Bd8 53.
h7 Kg7 54. Ke6 Kxh7 55. Kf7 Kh6 56. Ke8 Bb6 57. d8=Q Bxd8 58. Kxd8 Kg7 59. Kc7
Kf7 60. Kb6 Ke7 61. Kxa5 Kd8 62. Kb6 Kc8 63. a5 Kb8 64. a6 f5 65. a7+ 1-0

[Event "Detroit (MOR/1b/34)"]
[Site "?"]
[Date "1992.??.??"]
[Round "?"]
[White "Morrow, Chris"]
[Black "Lester, Toby"]
[Result "1-0"]
[WhiteElo "1765"]
[BlackElo "1605"]
[PlyCount "63"]
[EventDate "1992.??.??"]

1. e4 c5 2. c3 Nc6 3. d4 cxd4 4. cxd4 e6 5. a3 Be7 6. Nf3 d5 7. e5 Qa5+ 8. Bd2
Qb6 9. Bc3 Bd7 10. Bd3 Bf8 11. Nbd2 Nge7 12. b4 a6 13. Nb3 Ng6 14. Qd2 Be7 15.
O-O O-O 16. Qc2 Rac8 17. Nc5 Nb8 18. Qd2 Qa7 19. Rfe1 b5 20. Ng5 Rc7 21. Qe3
Qb6 22. Bd2 Bxg5 23. Qxg5 Nc6 24. Qg4 Bc8 25. Re3 Nce7 26. Rh3 f5 27. Qh5 Kf7
28. Re1 Rh8 29. Ree3 Bb7 30. Reg3 Kf8 31. Bg5 Rc8 32. Nd7+ 1-0

[Event "Detroit (MOR/5/59)"]
[Site "?"]
[Date "1992.??.??"]
[Round "?"]
[White "Morrow, Chris"]
[Black "Holland, J."]
[Result "0-1"]
[WhiteElo "1765"]
[BlackElo "1660"]
[PlyCount "108"]
[EventDate "1992.??.??"]

{5/(59)} 1. e4 c6 2. d4 d5 3. Nd2 dxe4 4. Nxe4 Nf6 5. Nxf6+ exf6 6. Bc4 Bd6 7.
Qe2+ Qe7 8. Qxe7+ Bxe7 9. Bf4 Be6 10. Bxe6 fxe6 11. Nf3 Nd7 12. O-O c5 13. Rfe1
Kf7 14. Be3 cxd4 15. Bxd4 e5 16. Be3 Bc5 17. c4 Rhd8 18. Rad1 Bxe3 19. fxe3 Nc5
20. Kf1 Ke7 21. Ke2 Na4 22. Rxd8 Rxd8 23. Nd2 Rd7 24. Rb1 f5 25. Kd1 Rd3 26.
Ke2 Rd6 27. Ke1 Rg6 28. Kf2 Rb6 29. b3 Nc3 30. Ra1 Ra6 31. a3 Rd6 32. Ke1 Rd3
33. Nf1 Kf6 34. Rc1 f4 35. exf4 exf4 36. Nd2 Kf5 37. Rc2 g5 38. h3 h5 39. Rc1
g4 40. hxg4+ hxg4 41. Rc2 Ne4 42. Nxe4 Kxe4 43. Rb2 Ke3 44. Re2+ Kd4 45. Re7
Re3+ 46. Rxe3 Kxe3 47. c5 Kd4 48. b4 a6 49. Kd2 Kc4 50. Ke2 Kb3 51. Kd3 Kxa3
52. Ke4 f3 53. gxf3 gxf3 54. c6 bxc6 0-1

[Event "Flint (Class A/1)"]
[Site "?"]
[Date "1992.??.??"]
[Round "?"]
[White "Morris, Jewell"]
[Black "Zacks, Naum"]
[Result "1-0"]
[WhiteElo "1950"]
[BlackElo "1840"]
[PlyCount "109"]
[EventDate "1992.??.??"]

1. e4 d6 2. d4 g6 3. Nc3 c6 4. Bc4 Nf6 5. a3 Bg7 6. f3 O-O 7. Be3 Qb6 8. Bb3
Nbd7 9. Qd2 Ne8 10. O-O-O Qa5 11. g4 b5 12. Bh6 b4 13. axb4 Qa1+ 14. Nb1 a5 15.
bxa5 Rxa5 16. Bxg7 Kxg7 17. h4 h5 18. c3 Rb5 19. Kc2 Qa7 20. Na3 Ra5 21. Ne2
Nb6 22. gxh5 Rxh5 23. Ng3 Ra5 24. h5 g5 25. Nf5+ Rxf5 26. exf5 Bxf5+ 27. Kc1
Kh6 28. Rdg1 f6 29. f4 g4 30. Be6 Qa5 31. Bxf5 Qxf5 32. c4 Ng7 33. Rh4 Ne6 34.
Rhxg4 Rf7 35. Rg6+ Kh7 36. R6g4 c5 37. d5 Nd4 38. R1g3 Qe4 39. Re3 Qf5 40. Qd3
Nb3+ 41. Kd1 Nd4 42. Qxf5+ Nxf5 43. Rb3 Nd7 44. Kc1 Nd4 45. Rb7 f5 46. Rg6 Nf6
47. Kb1 Ne2 48. Rxf6 Rxf6 49. Rxe7+ Kh6 50. Rxe2 Kxh5 51. Re6 Rxe6 52. dxe6 Kg6
53. Nb5 Kf6 54. Nxd6 Kxe6 55. Nb7 1-0

[Event "Flint (Class A/4)"]
[Site "?"]
[Date "1992.??.??"]
[Round "?"]
[White "Morris, Jewell"]
[Black "Smalec, John"]
[Result "0-1"]
[WhiteElo "1950"]
[BlackElo "1815"]
[PlyCount "106"]
[EventDate "1992.??.??"]

1. e4 e6 2. d4 d5 3. Nc3 Bb4 4. Nge2 dxe4 5. a3 Be7 6. Nxe4 Nf6 7. N2g3 Nc6 8.
Bb5 O-O 9. Bxc6 bxc6 10. Bg5 Ba6 11. b3 Rb8 12. c4 c5 13. Bxf6 Bxf6 14. Nxc5
Bb7 15. Nxb7 Rxb7 16. Ne2 c5 17. O-O cxd4 18. Qd3 Qb6 19. b4 e5 20. Qe4 Rd8 21.
Rad1 Rc7 22. c5 Qa6 23. Rd3 Qb7 24. Ng3 Qb5 25. Re1 a5 26. Nf5 axb4 27. Nd6
Qxc5 28. Nb7 Qd5 29. Rxd4 Qxe4 30. Rdxe4 Rxb7 31. axb4 Kf8 32. f4 Rd4 33. fxe5
Rxe4 34. Rxe4 Be7 35. Rc4 Ke8 36. Rc8+ Bd8 37. Rc4 Bb6+ 38. Kf1 Ke7 39. Ke2 Bc7
40. Re4 Rb5 41. Rc4 Rxe5+ 42. Kf3 Kd7 43. Rd4+ Ke6 44. Rc4 Rf5+ 45. Kg4 h5+ 46.
Kh3 Bd6 47. g3 g5 48. g4 hxg4+ 49. Rxg4 f6 50. Rd4 Rf2 51. Rd3 Rxh2+ 52. Kg4
Rh4+ 53. Kf3 Rh3+ 0-1

[Event "Detroit (MI Op/3/30)"]
[Site "?"]
[Date "1992.??.??"]
[Round "?"]
[White "Morabito, Matthew"]
[Black "Kulbacki, James"]
[Result "1/2-1/2"]
[WhiteElo "1695"]
[BlackElo "1990"]
[PlyCount "108"]
[EventDate "1992.??.??"]

{3/(30)} 1. e4 e6 2. d4 d5 3. e5 c5 4. Nf3 cxd4 5. Nxd4 Nc6 6. Bb5 Qb6 7. O-O
Bc5 8. Bxc6+ bxc6 9. Nb3 Be7 10. Qg4 g6 11. c4 dxc4 12. N3d2 Nh6 13. Qf4 g5 14.
Qe4 Nf5 15. Nxc4 Qc7 16. Nc3 Bb7 17. Be3 c5 18. Qc2 Kf8 19. Ne4 Qc6 20. f3 g4
21. Ned6 Bxd6 22. exd6 gxf3 23. Rxf3 Rg8 24. Raf1 Qe4 25. Qxe4 Bxe4 26. R3f2
Bd3 27. Rxf5 exf5 28. Bh6+ Ke8 29. Re1+ Be4 30. g3 Rd8 31. Bf4 f6 32. Re3 Kd7
33. Ra3 Ra8 34. Rc3 Rgc8 35. Kf2 Rc6 36. Na5 Rb6 37. Nb3 Rc8 38. Nxc5+ Rxc5 39.
Rxc5 Rxb2+ 40. Ke3 Rxa2 41. Rc7+ Kd8 42. Rxh7 a5 43. h4 a4 44. Ra7 a3 45. h5
Rh2 46. Rxa3 Rxh5 47. Rc3 Rh1 48. Rc7 Re1+ 49. Kf2 Ra1 50. Rf7 Ra2+ 51. Ke3
Ra3+ 52. Kd4 Rd3+ 53. Kc5 Rc3+ 54. Kb4 Rb3+ 1/2-1/2

[Event "Detroit (MI Op/1a/27)"]
[Site "?"]
[Date "1992.??.??"]
[Round "?"]
[White "Morabito, Matthew"]
[Black "Fuller, William"]
[Result "0-1"]
[WhiteElo "1695"]
[BlackElo "2030"]
[PlyCount "68"]
[EventDate "1992.??.??"]

1. e4 c5 2. Nf3 Nc6 3. d4 cxd4 4. Nxd4 g6 5. Nxc6 bxc6 6. Qd4 Nf6 7. e5 Nd5 8.
e6 f6 9. Bd2 dxe6 10. c4 e5 11. Qc5 Qb6 12. Qxb6 Nxb6 13. Be2 Be6 14. b3 Bg7
15. Nc3 f5 16. O-O Kf7 17. Rad1 e4 18. c5 Nd7 19. Na4 Ne5 20. Bc3 f4 21. Rfe1
Rhd8 22. Kf1 f3 23. Ba6 Bd5 24. Bxe5 fxg2+ 25. Kg1 Bxe5 26. f3 e3 27. Rxe3 Bf4
28. Red3 Bxf3 29. Rxf3 Rxd1+ 30. Kxg2 Rd2+ 31. Kh3 Rxh2+ 32. Kg4 e5 33. Rf1 Rd8
34. Nc3 h5+ 0-1

[Event "Detroit (MI Op/5/20)"]
[Site "?"]
[Date "1992.??.??"]
[Round "?"]
[White "Morabito, Matthew"]
[Black "Drkulec, Vladimir"]
[Result "0-1"]
[WhiteElo "1695"]
[BlackElo "2045"]
[PlyCount "116"]
[EventDate "1992.??.??"]

{5/(20)} 1. e4 e5 2. Nf3 Nc6 3. Bb5 a6 4. Ba4 Nf6 5. O-O b5 6. Bb3 Be7 7. Nc3
O-O 8. Re1 Bb7 9. d4 exd4 10. Nxd4 Nxd4 11. Qxd4 c5 12. Qd3 c4 13. Bxc4 bxc4
14. Qxc4 d5 15. exd5 Nxd5 16. Bd2 Nb6 17. Qe2 Bf6 18. Rad1 Qc7 19. Qg4 Rae8 20.
h4 Qc6 21. Bf4 Bxh4 22. Rxe8 Rxe8 23. Rd6 Bxf2+ 24. Kxf2 Qc5+ 25. Kg3 Bc8 26.
Qg5 Qxg5+ 27. Bxg5 Nc4 28. Rd4 Ne5 29. Nd5 Bb7 30. b3 f6 31. Bxf6 Bxd5 32. Bxg7
Bf7 33. Bxe5 Rxe5 34. Rd2 a5 35. Kf2 a4 36. c4 axb3 37. axb3 Kf8 38. Rd4 Rf5+
39. Ke3 Rg5 40. Kf2 Rc5 41. Ke3 Ke7 42. Rf4 Rg5 43. Kf2 Be6 44. b4 Rg4 45. Rxg4
Bxg4 46. Ke3 Kd6 47. Kd4 Kc6 48. g3 Be2 49. Kc3 Kd6 50. Kd4 Ke6 51. Kc5 Ke5 52.
b5 h5 53. b6 Bf3 54. Kb5 Bb7 55. Kc5 Ba6 56. Kb4 Kd6 57. c5+ Kd5 58. Ka5 Bb7
0-1

[Event "Detroit (Pan Am/1)"]
[Site "?"]
[Date "1992.??.??"]
[Round "?"]
[White "Morabito, Matthew"]
[Black "Clark, M."]
[Result "1-0"]
[WhiteElo "1725"]
[BlackElo "1605"]
[PlyCount "91"]
[EventDate "1992.??.??"]

1. e4 c5 2. Nf3 Nc6 3. Bc4 e6 4. c3 Nf6 5. Qc2 d5 6. exd5 exd5 7. Be2 Bg4 8. d3
Bd6 9. Bg5 O-O 10. O-O Qc7 11. h3 Bxf3 12. Bxf3 Bh2+ 13. Kh1 Nd7 14. Bh4 Nde5
15. Bxd5 Ng6 16. Bg3 Bxg3 17. fxg3 Qxg3 18. Nd2 Nge5 19. Ne4 Qxd3 20. Qxd3 Nxd3
21. Rad1 Nxb2 22. Rb1 Ne7 23. Bxb7 Nc4 24. Bxa8 Rxa8 25. Rb7 Ne3 26. Rf3 N3f5
27. Nxc5 h6 28. Ne4 a5 29. Rd3 Nc6 30. Rdd7 Ne5 31. Ra7 Rxa7 32. Rxa7 Nc4 33.
Rc7 Nfe3 34. Kg1 f5 35. Ng3 f4 36. Nh5 Nf5 37. Rxc4 Ne3 38. Rxf4 Nd5 39. Rf3
Kh7 40. c4 Nb4 41. a3 Nc6 42. c5 Kg6 43. Ng3 a4 44. Ne4 h5 45. Nc3 Nd4 46. Nxa4
1-0

[Event "Detroit (MOR/1b/32)"]
[Site "?"]
[Date "1992.??.??"]
[Round "?"]
[White "Moore, Robert"]
[Black "Welch, Joseph"]
[Result "0-1"]
[WhiteElo "1765"]
[BlackElo "1605"]
[PlyCount "62"]
[EventDate "1992.??.??"]

1. e4 e6 2. d4 d5 3. Nd2 c5 4. c3 dxe4 5. Nxe4 cxd4 6. Qxd4 Qxd4 7. cxd4 Be7 8.
Nf3 h6 9. Bc4 Nf6 10. Nc3 a6 11. O-O b5 12. Bb3 Bb7 13. Ne5 O-O 14. a3 Nc6 15.
Be3 Bd6 16. f4 Ne7 17. Rad1 Rfd8 18. h3 Nf5 19. Bc1 h5 20. Kh2 h4 21. Ne2 Rac8
22. Bd2 Kf8 23. g4 hxg3+ 24. Nxg3 Nxd4 25. Ba2 Ke7 26. Ba5 Rc2+ 27. Rd2 Rxd2+
28. Bxd2 Rh8 29. Bc3 Bxe5 30. fxe5 Ng4+ 31. Kg1 Rxh3 0-1

[Event "Detroit (MOR/5/69)"]
[Site "?"]
[Date "1992.??.??"]
[Round "?"]
[White "Moore, Robert"]
[Black "Vangilder, D."]
[Result "1-0"]
[WhiteElo "1765"]
[BlackElo "1605"]
[PlyCount "117"]
[EventDate "1992.??.??"]

{5/(69)} 1. e4 Nf6 2. e5 Nd5 3. c4 Nb6 4. d4 d6 5. f4 dxe5 6. fxe5 g6 7. Be2
Bg7 8. Nc3 Bf5 9. Bf4 Nc6 10. g4 Qxd4 11. Qxd4 Nxd4 12. gxf5 Nc2+ 13. Kd1 Nxa1
14. fxg6 O-O-O+ 15. Kc1 hxg6 16. Nf3 f6 17. Rg1 g5 18. exf6 Bxf6 19. Bxg5 Bxc3
20. bxc3 Na4 21. Bd2 Nc5 22. Kb2 Nd3+ 23. Kxa1 Ne5 24. Rg2 Nxf3 25. Bxf3 Rdg8
26. Bg4+ Kb8 27. h3 Rf8 28. Bg5 e5 29. Re2 Rf1+ 30. Kb2 Rhf8 31. Rxe5 R8f2+ 32.
Be2 b6 33. Ka3 Rh1 34. Re8+ Kb7 35. Bh4 Rxe2 36. Rxe2 Rxh3 37. Be1 Rh5 38. Re7
Rc5 39. Kb3 Kc8 40. Bg3 Kd8 41. Re5 Rxe5 42. Bxe5 c5 43. a4 Kd7 44. Bb8 a6 45.
a5 Kc6 46. Ba7 b5 47. cxb5+ Kxb5 48. Bb6 c4+ 49. Ka3 Kc6 50. Kb4 Kd5 51. Bd4
Kc6 52. Kxc4 Kd6 53. Bf2 Kc6 54. Bg3 Kb7 55. Kc5 Ka7 56. Kc6 Ka8 57. c4 Ka7 58.
c5 Ka8 59. Kd7 1-0